Physiotherapy in Cardiopulmonary Conditions (Record no. 249191)
[ view plain ]
| 000 -LEADER | |
|---|---|
| fixed length control field | 00575nam a22001937a 4500 |
| 003 - CONTROL NUMBER IDENTIFIER | |
| control field | OSt |
| 008 - FIXED-LENGTH DATA ELEMENTS--GENERAL INFORMATION | |
| fixed length control field | 250516b |||||||| |||| 00| 0 eng d |
| 020 ## - INTERNATIONAL STANDARD BOOK NUMBER | |
| International Standard Book Number | 9789354651410 |
| 082 ## - DEWEY DECIMAL CLASSIFICATION NUMBER | |
| Classification number | 616.1 |
| 100 ## - MAIN ENTRY--PERSONAL NAME | |
| Personal name | Jiandani, Mariya |
| 245 ## - TITLE STATEMENT | |
| Title | Physiotherapy in Cardiopulmonary Conditions |
| Statement of responsibility, etc | Mariya Jiandani; Megha Sandeep Sheth; Neepa Hiren Pandya; Priya Singh Rangey |
| 250 ## - EDITION STATEMENT | |
| Edition statement | 1st |
| 260 ## - PUBLICATION, DISTRIBUTION, ETC. (IMPRINT) | |
| Place of publication, distribution, etc | New Delhi |
| Name of publisher, distributor, etc | Jaypee Brothers Medical Publishers |
| Date of publication, distribution, etc | 2024 |
| 650 ## - SUBJECT ADDED ENTRY--TOPICAL TERM | |
| Form subdivision | Physiotherapy |
| General subdivision | Physiotherapy |
| 942 ## - ADDED ENTRY ELEMENTS (KOHA) | |
| Item type | Books |
| Source of classification or shelving scheme | Dewey Decimal Classification |
| Withdrawn status | Lost status | Damaged status | Permanent location | Current location | Date acquired | Source of acquisition | Cost, normal purchase price | Full call number | Barcode | Date last seen | Koha item type |
|---|---|---|---|---|---|---|---|---|---|---|---|
| CENTRAL LIBRARY, NOORUL ISLAM CENTRE FOR HIGHER EDUCATION | CENTRAL LIBRARY, NOORUL ISLAM CENTRE FOR HIGHER EDUCATION | 05/16/2025 | Masters Books and Distributors | 1295.00 | 616.1 R4 | 84601 | 05/16/2025 | Books | |||
| CENTRAL LIBRARY, NOORUL ISLAM CENTRE FOR HIGHER EDUCATION | CENTRAL LIBRARY, NOORUL ISLAM CENTRE FOR HIGHER EDUCATION | 05/16/2025 | Masters Books and Distributors | 1295.00 | 616.1 R4 | 84602 | 05/16/2025 | Books | |||
| CENTRAL LIBRARY, NOORUL ISLAM CENTRE FOR HIGHER EDUCATION | CENTRAL LIBRARY, NOORUL ISLAM CENTRE FOR HIGHER EDUCATION | 05/16/2025 | Masters Books and Distributors | 1295.00 | 616.1 R4 | 84603 | 05/16/2025 | Books | |||
| CENTRAL LIBRARY, NOORUL ISLAM CENTRE FOR HIGHER EDUCATION | CENTRAL LIBRARY, NOORUL ISLAM CENTRE FOR HIGHER EDUCATION | 05/16/2025 | Masters Books and Distributors | 1295.00 | 616.1 R4 | 84604 | 05/16/2025 | Books | |||
| CENTRAL LIBRARY, NOORUL ISLAM CENTRE FOR HIGHER EDUCATION | CENTRAL LIBRARY, NOORUL ISLAM CENTRE FOR HIGHER EDUCATION | 05/16/2025 | Masters Books and Distributors | 1295.00 | 616.1 R4 | 84605 | 05/16/2025 | Books |
